000 00539nam a2200169 4500
001 135867
003 ES-MaACL
005 20250930063122.0
007 t|
008 070214s1925 sp r ||||1| spa d
100 1 _aRuiz del Castillo y Catalán de Ocón, Carlos,
_d1896-1984
_9100778
245 1 0 _aIntegración de la democracia en una doctrina corporativa del Estado /
_cCarlos Ruiz del Castillo.
260 _aSantiago :
_b[s. n.],
_c1925.
300 _aX, 100 p.
852 _aES-MaACL
_j1689-F-14
999 _c135867
_d135867